000 00924nam a2200205 i 4500
001 168082
003 ES-MaACL
005 20250831013821.0
008 051010s1871 xxu |||| | eng d
100 1 _aYoung, Edward.
_9133994
245 1 0 _aInformation for immigrants
_b: relative to the prices and rentals of land, the staple products, facilities of access to market, cost of farm stock ... : to which are append ... : in the year 1869-70 /
_cby Edward Young.
260 _aPhiladelphia :
_bSamuel D. Burlock & Co.,
_c1871.
300 _a232 p. ;
_c23 cm.
651 4 _aEstados Unidos-
_xSituación económica
_98572
651 4 _aEstados Unidos-
_xEmigración-
_vFuentes.
_9137132
710 2 _aBurlock, Samuel D. & Co.
_9134207
752 _aEstados Unidos de América -
_dFiladelfia
852 _aES-MaACL
_jG-13638
_z- Enc. ed. en tela
_z- Lleva enc. numerosas p. de publicidad
999 _c168082
_d168082